| 000 | 00763nam a22002417a 4500 | ||
|---|---|---|---|
| 003 | UA-OsUOA | ||
| 001 | 25985 | ||
| 007 | ta | ||
| 008 | 20040506b un ||||| |||| 00| 0 ukr d | ||
| 090 |
_a37.02 _bО-28 |
||
| 942 | _cBK | ||
| 040 |
_aUA-OsUOA _brus _cUA-OsUOA _dUA-OsUOA |
||
| 245 |
_aОбщая методика преподавания иностранных языков в средних специальных учебных заведениях _bУч.-метод.пособие _cРед. А.А.Миролюбов |
||
| 300 | _a240 с. | ||
| 955 | _a0 | ||
| 041 | _arus | ||
| 080 | _a37.02 | ||
| 260 |
_aМосква _bВысшая Школа _c1984 |
||
| 044 | _aRU | ||
| 250 | _n2-е изд., исправл. | ||
| 650 | 7 | _2UDC | |
| 999 |
_c312293 _d312293 |
||